| 000 -LEADER |
| fixed length control field |
00643nam a22001337a 4500 |
| 040 ## - CATALOGING SOURCE |
| Transcribing agency |
RUA |
| 082 ## - DEWEY DECIMAL CLASSIFICATION NUMBER |
| Classification number |
LMA YAT 2024 B1-398 Or.1 |
| 100 ## - MAIN ENTRY--AUTHOR NAME |
| Personal name |
យ៉ាត់ ច័ន្ទបូរមី YATH CHANBOMEY |
| 245 ## - TITLE STATEMENT |
| Title |
សិក្សាពីការអភិវឌ្ឍដីនៅឃុំជ្រៃលាស់ ស្រុកពញាឮ ខេត្តកណ្តាល STUDY ON LAND DEVELOPMENT IN CHREY LAS COMMUNE, PONHEA LEU DISTRICT, KANDAL PROVINCE |
| 260 ## - PUBLICATION, DISTRIBUTION, ETC. (IMPRINT) |
| Place of publication |
RUA |
| Name of publisher |
PHNOM PENH |
| Year of publication |
2024 |
| 300 ## - PHYSICAL DESCRIPTION |
| Number of Pages |
x |
| Other physical details |
ill |
| Dimensions |
29cm |
| 856 ## - ELECTRONIC LOCATION AND ACCESS |
| Uniform Resource Identifier |
https://drive.google.com/file/d/13mzMU_zQ-qCAqYSqZqKJwEWi648gxXj5/view?usp=sharing |
| 942 ## - ADDED ENTRY ELEMENTS (KOHA) |
| Koha item type |
LMA |
| 952 ## - LOCATION AND ITEM INFORMATION (KOHA) |
| Withdrawn status [LOCAL, KOHA] |
0 |
| 952 ## - LOCATION AND ITEM INFORMATION (KOHA) |
| Withdrawn status [LOCAL, KOHA] |
0 |